Irvington A

Kaiwen Xiao, Michael Zheng, Vincent Wang


Current Events - U.S.210.00100%0%0%
Current Events - World215.0050%100%0%
Fine Arts - Architecture130.00100%100%100%
Fine Arts - Film120.00100%100%0%
Fine Arts - Jazz215.00100%50%0%
Fine Arts - Miscellaneous313.33100%33%0%
Fine Arts - Music1219.1783%83%25%
Fine Arts - Painting422.5075%100%50%
Fine Arts - Sculpture215.00100%50%0%
Geography - Europe120.00100%0%100%
Geography - World110.00100%0%0%
History - American1215.8392%50%17%
History - Cross, Historiography, and Miscellaneous816.2588%63%13%
History - European616.67100%50%17%
History - World1023.00100%90%40%
Literature - American1220.83100%100%8%
Literature - British520.00100%100%0%
Literature - European918.89100%78%11%
Literature - World and Miscellaneous1122.73100%82%46%
Other - Other Academic and General Knowledge620.00100%83%17%
RMP - Buddhism110.00100%0%0%
RMP - Christian Practice110.00100%0%0%
RMP - Greco-Roman Mythology225.00100%100%50%
RMP - Hinduism120.00100%100%0%
RMP - Islam110.00100%0%0%
RMP - New Testament110.00100%0%0%
RMP - Other Religion110.00100%0%0%
RMP - Philosophy520.00100%80%20%
RMP - World Mythology528.00100%100%80%
Science - Astronomy415.00100%25%25%
Science - Biology718.5786%71%29%
Science - Chemistry715.71100%57%0%
Science - Computer Science110.00100%0%0%
Science - Earth220.00100%100%0%
Science - Math323.33100%67%67%
Science - Physics916.6789%67%11%
Social Science - Anthropology110.00100%0%0%
Social Science - Economics215.00100%50%0%
Social Science - Linguistics120.00100%100%0%
Social Science - Other110.00100%0%0%
Social Science - Psychology120.00100%100%0%
Social Science - Sociology120.00100%100%0%